A carregar...

Rediscovering grounded theory/

Rediscovering Grounded Theory is a bold re-evaluation of the origins of grounded theory, a philosophical clarification of its key ideas and a presentation of the most effective way to use its techniques in your research. It answers questions such as 'What should grounded theory look like?'...

ver descrição completa

Detalhes bibliográficos
Autor principal: Gibson, Barry
Outros Autores: Hartman, Jan
Formato: Printed Book
Publicado em: London: Sage Publications Ltd., 2014.
Assuntos:
Acesso em linha:http://www.amazon.co.uk/Rediscovering-Grounded-Theory-Barry-Gibson/dp/1446248712
LEADER 01253cam a2200193 i 4500
020 |a 9781446248713  
082 0 4 |a 300.721  |b Q41 
100 1 |a Gibson, Barry  |9 26510 
245 1 0 |a Rediscovering grounded theory/  |c Barry Gibson and Jan Hartman. 
260 |a London:  |b Sage Publications Ltd.,  |c 2014. 
300 |a xv, 259p.   |b illustrations ; 
504 |a Includes bibliographical references (pages 246-253) and index. 
520 |a Rediscovering Grounded Theory is a bold re-evaluation of the origins of grounded theory, a philosophical clarification of its key ideas and a presentation of the most effective way to use its techniques in your research. It answers questions such as 'What should grounded theory look like?', 'How do I recognise grounded theory?' and 'How do I produce good grounded theory?' by returning to the original ideas as they were presented by Glaser and Strauss. 
650 0 |a Grounded theory.  |9 8906 
700 1 |a Hartman, Jan.  |9 26511 
856 |u http://www.amazon.co.uk/Rediscovering-Grounded-Theory-Barry-Gibson/dp/1446248712 
942 |c BK 
999 |c 64126  |d 64126 
952 |0 0  |1 0  |4 0  |6 300_721000000000000_Q41  |7 0  |9 56025  |a MGUL  |b MGUL  |c GEN  |d 2014-11-28  |e Mathrubhumi books Inv No 277 dt 15.11.2014  |g 2611.46  |l 0  |o 300.721 Q41  |p 52224  |r 2015-04-25  |y BK